000 00488nam a2200157 i 4500
001 83167
003 ES-MaACL
005 20230906174804.0
007 t|
008 041115s1969 sp ||||1| spa d
245 0 0 _aReseña estadística de la provincia de Alicante /
_cInstituto Nacional de Estadística.
260 _aMadrid :
_b[s.n.],
_c1969.
300 _aXV, 723 p. ;
_c24 cm.
710 2 _aInstituto Nacional de Estadística (España)
_95162
852 _aES-MaACL
_jC-46655
_bR.70721
999 _c83167
_d83167